| 000 | 00925nam a22001817a 4500 | ||
|---|---|---|---|
| 003 | JO-AjAnu | ||
| 005 | 20240605135031.0 | ||
| 008 | 240323b jo ||||| |||| 00| 0 ara d | ||
| 040 | _canu | ||
| 100 |
_aالمومني، أحمد عامر أحمد _eمؤلف _965072 |
||
| 245 |
_aالسلطات الدستورية لمجلس النواب الأردني (دراسة تحليلية) = Constitutional Powers of the Jordanian Parliament (An analyticalh study) _c / اعداد أحمد عامر أحمد المومني ؛ اشراف زياد الوحشات |
||
| 260 | _c2023 | ||
| 300 | _a102 ورقة | ||
| 500 | _aرسالة جامعية (ماجستير) - جامعة عجلون الوطنية تخصص القانون / كلية الحقوق، 2023 | ||
| 650 | 0 | _vالسلطة التشريعية - قوانين التشريعات - الاردن | |
| 700 |
_aزياد الوحشات _eمشرف _965086 |
||
| 942 |
_2lcc _cTHS _n0 |
||
| 999 |
_c33319 _d33319 |
||